| 000 | 00863cab a22002055a 4500 | ||
|---|---|---|---|
| 001 | L150023 | ||
| 008 | 100524e2010 xxk 000 0 eng d | ||
| 035 | _a(Sirsi) u150023 | ||
| 041 | 0 | _aeng | |
| 100 | 1 | _aMudie, Steve | |
| 245 | 0 | 0 |
_aSpecialist costs _bbuilding envelopes |
| 260 | _c2010 | ||
| 490 |
_aBuilding _v275 (8630) 21 May 2010, 52-57(6) |
||
| 520 | _aBuilding performance relies on the skills of building envelope specialists to deliver high quality, cost-effective solutions; the 3 main categories of specialist contractor-designed building envelope solutions; market conditions; value drivers for solutions; procurement; effect of Part L 2010 on building envelopes; indicative costs and lead-in times. | ||
| 590 | _aKA | ||
| 651 | 4 |
_aUnited Kingdom _y |
|
| 690 | _aBUILT ENVIRONMENT-BUILDING COSTS | ||
| 700 | 1 | _aRawlinson, Simon | |
| 942 | _n0 | ||
| 999 |
_c82360 _d82360 |
||